| 000 | 00622cam a2200193 a 4500 | ||
|---|---|---|---|
| 020 | _a0689309112 | ||
| 040 | _cDLC | ||
| 082 | 0 | 0 | _a813 ATH 1982 A093 Or. |
| 100 | 1 | _aVoigt, Cynthia. | |
| 245 | 1 | 0 | _aTell me if the lovers are losers / |
| 250 | _a1st ed. | ||
| 260 |
_aNew York : _bAtheneum, _c1982. |
||
| 300 |
_a241 p. ; _c22 cm. |
||
| 520 | _aIn 1961 at a college for academically gifted women, three roommates who differ substantially from each other are brought together by a common interest in volleyball. | ||
| 650 | 1 | _aVolleyball | |
| 650 | 1 | _aUniversities and colleges | |
| 650 | 1 | _aFriendship | |
| 942 | _cEK | ||
| 999 |
_c13600 _d13600 |
||